Equality in educational law and policy 1954-2010
Αποθηκεύτηκε σε:
| Κύριος συγγραφέας: | |
|---|---|
| Μορφή: | Βιβλίο |
| Γλώσσα: | Αγγλικά |
| Έκδοση: |
Cambridge University Press
2013
|
| Ετικέτες: |
Προσθήκη ετικέτας
Δεν υπάρχουν, Καταχωρήστε ετικέτα πρώτοι!
|
MARC
| LEADER | 00000nam a22000007a 4500 | ||
|---|---|---|---|
| 008 | 210621b ||||| |||| 00| 0 eng d | ||
| 020 | |a 9781107460058 | ||
| 100 | |a SUPERFINE, Benjamin Michael | ||
| 245 | |a Equality in educational law and policy 1954-2010 |c Benjamin Michael Superfine |g xi, 265p | ||
| 260 | |b Cambridge University Press |c 2013 |h New York |i 696235 |l KF41255.Su7 |m Educational equalization-Law and legislation-United States -History | ||
| 500 | |a it includes references and index | ||
| 942 | |a lcc |c BK |e JOHNSON |f 21/06/21 | ||
| 999 | |c 1387 |d 1387 | ||